000
00304nam a22001457a 4500
003
SGT
082
_a
370
_b
N01L
100
_a
LATA, KUSUM
245
_a
NAI RANG CHETNA TATHA 'BAKRI'
250
_a
2ND
260
_a
NEW DELHI
_b
INDIAN PUB
_c
2001
300
_a
83
650
_a
EDUCATION
942
_2
ddc
_c
BK
999
_c
11703
_d
11703